[Event "Club Championships"]
[Site "Wellington Chess Club"]
[Date "2015.10.22"]
[Round "5"]
[White "Perry, Roger"]
[Black "Forster, Bill"]
[Result "0-1"]
[WhiteElo "2099"]
[BlackElo "2088"]

1. e4 e5 2. Nf3 Nc6 3. d4 exd4 4. Nxd4 Nf6 5. Nxc6 bxc6 6. e5 Qe7 7. Qe2 Nd5 8.
c4 Nb6 9. Nc3 Bb7 10. h4 d5 11. exd6 cxd6 12. Bg5 Qxe2+ 13. Bxe2 f6 14. Be3
O-O-O 15. O-O-O Be7 16. b3 Rhe8 17. Bf3 f5 18. a4 Kb8 19. Bg5 Kc7 20. a5 Nd7
21. Be3 Kb8 22. a6 Ba8 23. c5 Nxc5 24. Bxc5 dxc5 25. Rxd8+ Rxd8 26. Be2 c4 27.
Bxc4 Bf6 28. Ne2 Be5 29. f4 Bf6 30. g3 c5 31. Rd1 Bb2+ 32. Kc2 Be4+ 33. Bd3
Rxd3 34. Rxd3 Kc7 35. Nc3 Bxd3+ 36. Kxd3 Kc6 37. Na4 Bd4 38. b4 Bf2 39. bxc5
Bxg3 40. Kc4 Bxh4 41. Nc3 Be7 0-1

[Event "Club Championships"]
[Site "Wellington Chess Club"]
[Date "2015.10.22"]
[Round "5"]
[White "Sellen, Ian"]
[Black "Croad, Nicolas"]
[Result "0-1"]
[WhiteElo "2077"]
[BlackElo "2420"]

1. c4 Nf6 2. g3 e6 3. Bg2 c5 4. Nc3 d5 5. d3 Nc6 6. Bd2 Be7 7. Nf3 d4 8. Nb5 e5
9. O-O O-O 10. Ne1 Bf5 11. Qb3 h6 12. Rd1 Qd7 13. e4 dxe3 14. fxe3 Bg4 15. Nf3
a6 16. Na3 e4 17. dxe4 Nxe4 18. Be1 Qe6 19. Rd5 Rab8 20. Ne5 Nxe5 21. Bxe4 Bh3
22. Bg2 Bxg2 23. Kxg2 b5 24. cxb5 c4 25. Qd1 Ng4 26. Nc2 axb5 27. Rf4 Nf6 28.
Rd2 Rfd8 29. Qf3 Bc5 30. Nd4 Bxd4 31. Rfxd4 Re8 32. Re2 Ne4 33. a3 Ng5 34. Qd5
Qh3+ 35. Kg1 Re5 36. Qg2 Qe6 37. Bd2 Re8 38. h4 Ne4 39. Be1 Nc5 40. Bc3 Rxe3
41. Rxe3 Qxe3+ 42. Kh2 Ne4 0-1

[Event "Club Championships"]
[Site "Wellington Chess Club"]
[Date "2015.10.29"]
[Round "6"]
[White "Aldridge, Alan"]
[Black "Jackson, Ross"]
[Result "1-0"]
[WhiteElo "1939"]
[BlackElo "1981"]

1. e4 c5 2. Nf3 e6 3. d4 cxd4 4. Nxd4 Nf6 5. Nc3 Bc5 6. Nb3 Bb4 7. Bd2 O-O 8.
Bd3 Nc6 9. a3 Be7 10. Bf4 d6 11. Qe2 a6 12. O-O e5 13. Bg3 Be6 14. Bc4 b5 15.
Bd5 Rc8 16. Rad1 Qb6 17. h3 Rc7 18. Kh2 Rfc8 19. Rd2 Na5 20. Nxa5 Qxa5 21. f4
exf4 22. Bxf4 Bxd5 23. exd5 Bf8 24. Be3 Rc4 25. Bd4 Ne8 26. Rxf7 R4c7 27. Rxc7
Nxc7 28. Qf2 Na8 29. Qf5 Qd8 30. Qe6+ Kh8 31. Rf2 Nc7 32. Qf5 Qe8 33. Ne2 Kg8
34. Nf4 Rd8 35. Bb6 Rd7 36. Bxc7 Rxc7 37. Ne6 Rc8 38. c3 Be7 39. Qg4 g6 40. Qd4
1-0

[Event "Club Championships"]
[Site "Wellington Chess Club"]
[Date "2015.10.29"]
[Round "6"]
[White "Croad, Nicolas"]
[Black "Dive, Russell"]
[Result "1/2-1/2"]
[WhiteElo "2420"]
[BlackElo "2429"]

1. d4 Nf6 2. c4 e6 3. Nf3 b6 4. g3 Ba6 5. Qc2 Bb4+ 6. Nbd2 O-O 7. Bg2 c6 8. O-O
d5 9. Ne5 dxc4 10. Ndxc4 Qc8 11. Bg5 Be7 12. Ne3 Bb7 13. Rac1 Nd5 14. Bxe7 Nxe7
15. b4 Qc7 16. b5 Rc8 17. N3g4 f6 18. bxc6 Nbxc6 19. Nxc6 Bxc6 20. Ne3 Qd7 21.
Bh3 Bg2 22. Bxg2 Rxc2 23. Rxc2 Rc8 24. Rd2 Nd5 25. Nxd5 exd5 26. Rb2 Rc4 27. e3
Qc6 28. h4 Kf7 29. Kh2 b5 30. Re1 a6 31. e4 dxe4 32. Rxe4 Qd6 33. d5 Rxe4 34.
Bxe4 Qe5 35. Re2 f5 36. Bf3 Qd4 37. Kg2 a5 38. Rc2 a4 39. Rc7+ Kf8 40. Rc6 b4
41. d6 b3 42. axb3 axb3 43. Rc8+ Kf7 44. Rb8 Qxd6 45. Rxb3 f4 46. Rb7+ Kf6 47.
g4 h6 48. Rb5 g6 49. h5 g5 50. Rb2 Qc5 51. Rb7 Ke5 52. Rd7 Qf8 53. Rd5+ Ke6 54.
Ra5 Kd6 55. Ra8 Qg7 56. Rc8 Kd7 57. Rc6 Qf8 58. Ra6 Kc7 59. Rc6+ Kd7 60. Ra6
Kc7 61. Rc6+ Kd7 1/2-1/2

[Event "Club Championships"]
[Site "Wellington Chess Club"]
[Date "2015.10.29"]
[Round "6"]
[White "Cunningham, Patrick"]
[Black "Dixon, Hamish"]
[Result "1-0"]
[WhiteElo "1657"]
[BlackElo "1613"]

1. d4 Nf6 2. Nf3 d5 3. c4 dxc4 4. Nc3 Bf5 5. e3 h6 6. Bxc4 e6 7. O-O Be7 8. Re1
O-O 9. e4 Bh7 10. Qb3 b6 11. d5 exd5 12. Nxd5 Nbd7 13. e5 Nxd5 14. Bxd5 Nc5 15.
Qd1 Rc8 16. Bf4 c6 17. Bc4 Ne6 18. Bg3 Rc7 19. Qe2 Rd7 20. Rad1 Bb4 21. Rxd7
Qxd7 22. Rd1 Qe7 23. a3 Bc5 24. b4 Bxb4 25. axb4 Qxb4 26. Bxe6 fxe6 27. Nd4 Qe7
28. Nxc6 Qb7 29. Rd6 Rc8 30. Qc4 1-0

[Event "Club Championships"]
[Site "Wellington Chess Club"]
[Date "2015.10.29"]
[Round "6"]
[White "Farrington, Lawrence"]
[Black "Stoeveken, Peter"]
[Result "0-1"]
[WhiteElo "1829"]
[BlackElo "1901"]

1. e4 c5 2. c3 Nc6 3. d4 e6 4. e5 Qb6 5. Nf3 Nge7 6. Na3 Nf5 7. Nc4 Qc7 8. g4
Nh6 9. h3 b5 10. Ne3 a6 11. Bg2 Bb7 12. O-O f6 13. exf6 gxf6 14. Nc2 Nf7 15.
Be3 h5 16. Nh2 Bd6 17. f4 c4 18. a4 O-O-O 19. axb5 axb5 20. Na3 Bxa3 21. Rxa3
hxg4 22. Nxg4 f5 23. Nf2 Rdg8 24. Kh2 Ne7 25. Bxb7+ Qxb7 26. Rg1 Nd5 27. Bd2
Nd6 28. Qf3 Rxg1 29. Kxg1 Kb8 30. Kh2 Nf6 31. Qxb7+ Kxb7 32. Be1 Kc6 33. Kg2
Nfe4 34. Ra7 Rg8+ 35. Kh2 Nf6 36. h4 Nd5 37. Nh3 Rg4 38. Ra6+ Kc7 39. Ra7+ Kc6
40. h5 Nf7 41. Bg3 Ne3 42. Nf2 Nf1+ 43. Kg2 Nxg3 44. Nxg4 Nxh5 45. Ne5+ Nxe5
46. fxe5 Nf4+ 47. Kf3 Nd3 48. Ra6+ Kb7 49. Rd6 Kc7 50. Ra6 Nxb2 51. Ra5 Kb6 52.
Ra8 Na4 53. Ke2 Nxc3+ 54. Kd2 Ne4+ 55. Kc2 Kc6 56. Rb8 Ng5 57. Kc3 Ne4+ 58. Kb4
Kd5 59. Rxb5+ Kxd4 60. Rb7 Kxe5 61. Rxd7 c3 62. Rc7 f4 63. Kc4 Kd6 64. Rf7 c2
65. Kd4 c1=Q 66. Kxe4 0-1

[Event "Club Championships"]
[Site "Wellington Chess Club"]
[Date "2015.10.29"]
[Round "6"]
[White "Forster, Bill"]
[Black "Wastney, Scott"]
[Result "0-1"]
[WhiteElo "2088"]
[BlackElo "2439"]

1. e4 e5 2. Nf3 Nc6 3. Bb5 Nd4 4. Bd3 Nxf3+ 5. Qxf3 Nf6 6. Bc4 c6 7. Nc3 Bc5 8.
d3 a5 9. a4 d6 10. O-O O-O 11. Bg5 h6 12. Bxf6 Qxf6 13. Qxf6 gxf6 14. Kh1 Be6
15. Bxe6 fxe6 16. f4 exf4 17. Rxf4 Rf7 18. Ne2 Kh7 19. Raf1 Raf8 20. g4 d5 21.
Ng3 Bd6 22. R4f3 Bxg3 23. Rxg3 dxe4 24. dxe4 Rd8 25. Rd3 Rxd3 26. cxd3 Kg6 27.
Kg2 Rd7 28. Rd1 Rd4 29. b3 f5 30. gxf5+ exf5 31. exf5+ Kxf5 32. Kf3 Rb4 33. Rb1
Ke5 34. Ke3 Rh4 35. Rg1 Rxh2 36. Rg7 Rh3+ 37. Ke2 b6 38. Rb7 Kd4 39. Rxb6 Re3+
40. Kf2 Re6 41. Ra6 Kxd3 42. Rxa5 Kc3 43. Rh5 Kxb3 44. a5 Kb4 45. a6 c5 46. a7
Ra6 47. Rxh6 Rxa7 48. Ke1 Rd7 49. Rh2 c4 50. Rd2 Rxd2 51. Kxd2 Kb3 52. Kd1 Kb2
0-1

[Event "Club Championships"]
[Site "Wellington Chess Club"]
[Date "2015.10.29"]
[Round "6"]
[White "Konakanchi, Karthik"]
[Black "Bennett, Ezra"]
[Result "1-0"]
[WhiteElo "1332"]
[BlackElo "1377"]

1. e4 e5 2. Nf3 Nc6 3. Bc4 Bc5 4. Nxe5 Bxf2+ 5. Kxf2 Nxe5 6. d3 Nxc4 7. dxc4
Qh4+ 8. g3 Qxe4 9. Re1 Nf6 10. Nc3 Qxe1+ 11. Qxe1+ Kd8 12. Bg5 Re8 13. Bxf6+
gxf6 14. Qd2 b6 15. Nd5 Re5 16. Re1 Rf5+ 17. Kg1 d6 18. Ne7 Re5 19. Nc6+ Kd7
20. Nxe5+ fxe5 21. Rxe5 Ba6 22. b3 Rg8 23. Rf5 Rf8 24. Qd5 f6 25. Rh5 1-0

[Event "Club Championships"]
[Site "Wellington Chess Club"]
[Date "2015.10.29"]
[Round "6"]
[White "Lamerton, Troy"]
[Black "Meravanage, Satwik"]
[Result "1-0"]
[WhiteElo "1659"]
[BlackElo "1398"]

1. e4 e5 2. Nf3 Nc6 3. Bc4 Nf6 4. Ng5 d5 5. exd5 Na5 6. Bb5+ Bd7 7. Nc3 Bxb5 8.
Nxb5 c6 9. dxc6 Nxc6 10. d3 h6 11. Nf3 e4 12. Qe2 Qe7 13. dxe4 Nxe4 14. O-O a6
15. Nc7+ Qxc7 16. Qxe4+ Qe7 17. Re1 Qxe4 18. Rxe4+ Be7 19. Kf1 O-O 20. b3 Bf6
21. Rb1 Rfe8 22. Rc4 Rad8 23. Be3 Ne5 24. Nxe5 Bxe5 25. f4 Bd6 26. Bb6 Rc8 27.
Rd4 Bc7 28. Bc5 Bxf4 29. Rxf4 Rxc5 30. c4 Ree5 31. Rd1 Kf8 32. b4 Rf5 33. Rd4
Rxf4+ 34. Rxf4 Re5 35. c5 a5 36. a4 axb4 37. Rxb4 Rxc5 38. Rxb7 Rc1+ 39. Ke2
Rc2+ 40. Ke3 Rxg2 41. a5 Rxh2 42. a6 Ra2 43. a7 Rxa7 44. Rxa7 g5 45. Ke4 Kg7
46. Kf5 Kf8 47. Kf6 Ke8 48. Rxf7 1-0

[Event "Club Championships"]
[Site "Wellington Chess Club"]
[Date "2015.10.29"]
[Round "6"]
[White "Nijman, Brian"]
[Black "Perry, Roger"]
[Result "0-1"]
[WhiteElo "2157"]
[BlackElo "2099"]

1. d4 Nf6 2. Bg5 c5 3. Nc3 Qb6 4. dxc5 Qxb2 5. Bd2 Qa3 6. e4 Qxc5 7. Rb1 g6 8.
Bd3 Bg7 9. Nge2 O-O 10. O-O d6 11. h3 Nbd7 12. Be3 Qc7 13. Nb5 Qb8 14. f4 b6
15. Ng3 Bb7 16. Qe2 a6 17. Nc3 Qc7 18. Nd1 b5 19. Nf2 Nc5 20. Rfc1 Qc6 21. Qe1
d5 22. Bxc5 Qxc5 23. e5 Nd7 24. Kh2 e6 25. h4 Nb6 26. h5 Nc4 27. Ng4 Qe7 28.
Kh3 f5 29. exf6 Bxf6 30. Bxc4 dxc4 31. Ne4 Bg7 32. Ng5 Rae8 33. Qg3 h6 34. Qh4
Bc8 35. Rf1 Rxf4 36. Rxf4 { I'm not sure about these moves and I can't read the
rest } 0-1

[Event "Club Championships"]
[Site "Wellington Chess Club"]
[Date "2015.10.29"]
[Round "6"]
[White "Rossiter, Philip"]
[Black "Stracy, Don"]
[Result "1/2-1/2"]
[WhiteElo "1910"]
[BlackElo "1807"]

1. d4 Nf6 2. c4 e6 3. Nf3 b6 4. Nc3 Bb7 5. Bg5 h6 6. Bh4 Bb4 7. e3 g5 8. Bg3
Ne4 9. Qc2 d6 10. Nd2 Bxc3 11. bxc3 Nxg3 12. hxg3 Nd7 13. e4 e5 14. Bd3 Qe7 15.
Nb3 O-O-O 16. O-O-O g4 { draw agreed } 1/2-1/2

[Event "Club Championships"]
[Site "Wellington Chess Club"]
[Date "2015.10.29"]
[Round "6"]
[White "Theodosiou, Andreas"]
[Black "Asplet, Mike"]
[Result "1-0"]
[WhiteElo "1386"]
[BlackElo "1536"]

1. e4 e5 2. Nf3 Nc6 3. Bc4 Nf6 4. Nc3 Bb4 5. O-O O-O 6. Re1 d6 7. Nd5 Ba5 8. c3
Nxd5 9. Bxd5 Ne7 10. Bb3 Be6 11. d4 Qd7 12. Qd3 Ng6 13. d5 Nf4 14. Bxf4 Bg4 15.
Nxe5 dxe5 16. Bxe5 Rae8 17. Bf4 Bh5 18. Re3 Bb6 19. Rg3 Bg6 20. Re1 Rxe4 21.
Rxe4 Bxe4 22. Qxe4 Re8 23. Be5 f6 24. d6+ Kh8 25. Bc2 g6 26. Bxf6+ Kg8 27.
Rxg6+ hxg6 28. Qxg6+ Kf8 29. Qh6+ Kg8 30. Bb3+ Re6 31. Qh8+ Kf7 32. Qg7+ Ke8
33. Qg8# 1-0

[Event "Club Championships"]
[Site "Wellington Chess Club"]
[Date "2015.10.29"]
[Round "6"]
[White "Timergazi, Layla"]
[Black "Nyberg, Michael"]
[Result "0-1"]
[WhiteElo "2180"]
[BlackElo "2122"]

1. e4 c5 2. Nc3 b6 3. f4 Bb7 4. Nf3 Nc6 5. Bc4 e6 6. d3 Nge7 7. Qe2 a6 8. f5
Nd4 9. Nxd4 cxd4 10. Nd1 Nc6 11. O-O h5 12. Qf2 Ne5 13. Bb3 Qc7 14. Bf4 Bd6 15.
Kh1 Ng4 16. Qg3 Bxf4 17. Rxf4 O-O-O 18. h3 exf5 19. exf5 Nh6 20. Qf2 Kb8 21.
Rxd4 Ka7 22. Rc4 Qd6 23. Ne3 Rde8 24. a4 Qe5 25. Nf1 a5 26. Rf4 g5 27. fxg6
fxg6 28. Rf6 d6 29. Rxg6 Qxb2 30. Ra2 Qe5 31. Nd2 Ng4 32. hxg4 hxg4+ 33. Kg1
Qh2+ 34. Kf1 Qh1+ 35. Qg1 Re1+ 0-1

[Event "Club Championships"]
[Site "Wellington Chess Club"]
[Date "2015.10.29"]
[Round "6"]
[White "Wight, Joshua"]
[Black "Sole, Michael"]
[Result "1/2-1/2"]
[WhiteElo "1484"]
[BlackElo "1657"]

1. e4 e5 2. Nf3 Nc6 3. Bb5 a6 4. Bxc6 dxc6 5. d3 Bd6 6. h3 Nf6 7. b3 O-O 8. Bb2
Re8 9. O-O Qe7 10. Re1 Bc5 11. Bxe5 Be6 12. Bb2 Rad8 13. d4 Bb6 14. Qe2 Nh5 15.
Qe3 h6 16. Nbd2 Qd7 17. Ne5 Bxd4 18. Nxd7 Bxe3 19. Rxe3 Rxd7 20. Nf3 Rde7 21.
Rd1 Bc8 22. e5 Nf4 23. c4 Ne6 1/2-1/2

[Event "Club Championships"]
[Site "Wellington Chess Club"]
[Date "2015.10.29"]
[Round "6"]
[White "Zhao, Aiden"]
[Black "Konakanchi, Pramodh"]
[Result "1-0"]
[WhiteElo "826"]
[BlackElo "1161"]

1. d4 d5 2. Nc3 Nf6 3. Bf4 Nc6 4. Nb5 Ne5 5. Bxe5 Nd7 6. Bxc7 Qxc7 7. Nxc7+ Kd8
8. Nxa8 Nf6 9. Nf3 e6 10. Qd2 Ne4 11. Qa5+ Ke8 12. e3 Nd6 13. Qc7 b5 14. Bxb5+
Nxb5 15. Qxc8+ Ke7 16. Qb7+ Ke8 17. Qxb5+ Ke7 18. Nb6 Kf6 19. Nd7+ Kg6 20. Qd3+
Kh6 21. Nde5 f5 22. Nf7+ Kh5 23. Nxh8 f4 24. Qxh7+ Kg4 25. h3# 1-0

[Event "Club Championships"]
[Site "Wellington Chess Club"]
[Date "2015.11.05"]
[Round "7"]
[White "Bennett, Ezra"]
[Black "Zhao, Aiden"]
[Result "1-0"]
[WhiteElo "1377"]
[BlackElo "826"]

1. Nf3 d5 2. g3 Nc6 3. d4 Bg4 4. Bg2 Qd7 5. Bf4 O-O-O 6. O-O f6 7. Nc3 Re8 8.
e4 dxe4 9. Nxe4 e5 10. Be3 exd4 11. Qd3 dxe3 12. Qxe3 f5 13. Nc5 Rxe3 14. Nxd7
Rxf3 15. Nxf8 Nd8 16. Rfe1 Nf6 17. Ne6 Nxe6 18. Rxe6 Ne4 19. h3 Bxh3 20. Bxh3
Kd7 21. Rxe4 g6 22. Kg2 Kc6 23. Ra4 b5 24. Rxa7 Kb6 25. Rxc7 Kxc7 26. Kxf3 Kd6
27. Kg2 Rf8 28. Kg1 h6 29. Rd1+ Kc6 30. b4 g5 31. g4 f4 32. Rd3 Ra8 33. Bg2+
1-0

[Event "Club Championships"]
[Site "Wellington Chess Club"]
[Date "2015.11.05"]
[Round "7"]
[White "Coghini, Phillip"]
[Black "Stracy, Don"]
[Result "1-0"]
[WhiteElo "1757"]
[BlackElo "1807"]

1. d4 Nf6 2. c4 e6 3. Nf3 b6 4. g3 Bb7 5. Bg2 c5 6. O-O cxd4 7. Qxd4 Nc6 8. Qd1
Be7 9. Nc3 O-O 10. e4 d6 11. Re1 Re8 12. a3 Qd7 13. b4 Rad8 14. Bb2 Ng4 15. Qb3
Nge5 16. Rad1 Nxf3+ 17. Bxf3 Ne5 18. Bg2 Qc8 19. c5 dxc5 20. Nd5 exd5 21. Bxe5
Bd6 22. Bxd6 Rxd6 23. e5 Rdd8 24. Bxd5 Bxd5 25. Rxd5 Rxd5 26. Qxd5 cxb4 27.
axb4 Qc3 28. Re4 Rc8 29. Rf4 Qc1+ 30. Kg2 Qc6 31. Rd4 Qxd5+ 32. Rxd5 Kf8 33.
Rd7 Ra8 34. Rb7 Ke8 35. Kf3 a5 36. Rxb6 a4 37. Rd6 a3 38. Rd1 a2 39. Ra1 Ke7
40. Ke2 Ke6 41. f4 f6 42. exf6 Kxf6 43. Kd3 g5 44. fxg5+ Kxg5 45. Kc3 Kg4 46.
Kb3 h5 47. Rxa2 Rf8 48. b5 h4 49. Ra4+ Kh3 50. Rxh4+ Kg2 51. Kb4 1-0

[Event "Club Championships"]
[Site "Wellington Chess Club"]
[Date "2015.11.05"]
[Round "7"]
[White "Dixon, Hamish"]
[Black "Lamerton, Troy"]
[Result "1-0"]
[WhiteElo "1613"]
[BlackElo "1659"]

1. e4 d5 2. exd5 Nf6 3. c4 e6 4. dxe6 Bxe6 5. d4 Bb4+ 6. Nc3 Ne4 7. Ne2 Bxc4 8.
Bd2 Nxd2 9. Qxd2 O-O 10. a3 Ba5 11. O-O-O Bb3 12. Re1 Re8 13. g3 Nc6 14. Bg2
Qf6 15. d5 Ne5 16. Nd4 Qxf2 17. Nxb3 Bxc3 18. bxc3 Nd3+ 19. Kd1 Rxe1+ 20. Rxe1
Nb2+ 21. Kc2 Qxd2+ 22. Nxd2 Na4 23. Re7 Kf8 24. Rxc7 b5 25. d6 Nb6 26. Bxa8 Ke8
27. Rxa7 Nc8 28. d7+ 1-0

[Event "Club Championships"]
[Site "Wellington Chess Club"]
[Date "2015.11.05"]
[Round "7"]
[White "Jackson, Ross"]
[Black "Farrington, Lawrence"]
[Result "1-0"]
[WhiteElo "1981"]
[BlackElo "1829"]

1. d4 d5 2. c4 Nc6 3. e3 e5 4. dxe5 d4 5. Nf3 Bg4 6. Be2 Bb4+ 7. Kf1 dxe3 8.
Qxd8+ Rxd8 9. a3 Bxf3 10. Bxf3 Bd2 11. Bxc6+ bxc6 12. Bxd2 exd2 13. Ke2 Ne7 14.
Nxd2 Nf5 15. Nf3 O-O 16. Rhd1 Rfe8 17. Rxd8 Rxd8 18. Rd1 Rb8 19. b4 h6 20. g4
Ne7 21. Rd7 Ng6 22. Kd3 a5 23. Kc3 axb4+ 24. axb4 Rb7 25. Rd8+ Kh7 26. Ra8 Nf4
27. Nd4 Kg6 28. Nxc6 Ne6 29. h4 h5 30. Ne7+ Kh7 31. c5 hxg4 32. Nc6 f5 33. exf6
gxf6 34. Kc4 Nf4 35. Nd8 Nd3 36. Nxb7 Nxf2 37. Ra3 f5 38. Nd6 Kg6 39. h5+ Kxh5
40. Nxf5 Ne4 41. Ng3+ Nxg3 42. Rxg3 Kh4 43. Rg1 g3 44. b5 Kh3 45. b6 cxb6 46.
cxb6 Kh2 47. Rb1 1-0

[Event "Club Championships"]
[Site "Wellington Chess Club"]
[Date "2015.11.05"]
[Round "7"]
[White "Perry, Roger"]
[Black "Timergazi, Layla"]
[Result "1-0"]
[WhiteElo "2099"]
[BlackElo "2180"]

1. e4 c6 2. d4 d5 3. exd5 cxd5 4. c4 e6 5. Nc3 Bb4 6. Nf3 Nc6 7. a3 Bxc3+ 8.
bxc3 Nf6 9. Bd3 O-O 10. O-O Qc7 11. cxd5 Nxd5 12. c4 Nde7 13. Bb2 Rd8 14. Qc2
h6 15. Qe2 f5 16. Rad1 Ng6 17. Bb1 b6 18. d5 Nf4 19. Qe3 exd5 20. cxd5 Ba6 21.
Rfe1 Re8 22. Qxe8+ Rxe8 23. Rxe8+ Kf7 24. d6 Qd7 25. Ne5+ Nxe5 26. Rxe5 1-0

[Event "Club Championships"]
[Site "Wellington Chess Club"]
[Date "2015.11.05"]
[Round "7"]
[White "Rossiter, Philip"]
[Black "Aldridge, Alan"]
[Result "0-1"]
[WhiteElo "1910"]
[BlackElo "1939"]

1. c4 Nf6 2. Nc3 g6 3. g3 d5 4. cxd5 Nxd5 5. Bg2 Nxc3 6. bxc3 Bg7 7. Rb1 c6 8.
Qc2 O-O 9. Nf3 Nd7 10. O-O e5 11. d3 Rb8 12. e4 Re8 13. Be3 c5 14. d4 exd4 15.
cxd4 Nf6 16. dxc5 Nxe4 17. c6 Nc3 18. Bxa7 Bf5 19. Qb3 Bxb1 20. Bxb8 Qxb8 21.
Qxb7 Bxa2 22. Ng5 Bc4 23. Qd7 Qd8 24. Bh3 Bd5 25. Qxd8 Ne2# 0-1

[Event "Club Championships"]
[Site "Wellington Chess Club"]
[Date "2015.11.05"]
[Round "7"]
[White "Sole, Michael"]
[Black "Cunningham, Patrick"]
[Result "1/2-1/2"]
[WhiteElo "1657"]
[BlackElo "1657"]

1. e4 e5 2. Nf3 Nc6 3. Bb5 Nge7 4. O-O a6 5. Ba4 b5 6. Bb3 Ng6 7. c3 Be7 8. Re1
O-O 9. d3 Bb7 10. Nbd2 Rb8 11. Nf1 Na5 12. Bc2 c5 13. Ng3 c4 14. d4 exd4 15.
Nxd4 d5 16. Ndf5 dxe4 17. Qxd8 Rfxd8 18. Nxe7+ Nxe7 19. Nxe4 Bxe4 20. Bxe4 Nac6
21. Bf4 Rbc8 22. Rad1 f5 23. Bf3 Kf7 24. Bg5 Rxd1 25. Rxd1 Kg6 26. Bf4 Rd8 27.
Rxd8 Nxd8 28. Bc7 Ndc6 29. Kf1 b4 30. Bd6 bxc3 31. bxc3 Kf6 32. Bxe7+ Nxe7 33.
Bb7 a5 34. f4 Ke6 35. Bf3 Nd5 1/2-1/2

[Event "Club Championships"]
[Site "Wellington Chess Club"]
[Date "2015.11.05"]
[Round "7"]
[White "Stoeveken, Peter"]
[Black "Brockway, Andrew"]
[Result "0-1"]
[WhiteElo "1901"]
[BlackElo "1773"]

1. d4 Nf6 2. Bg5 c5 3. Nf3 Ne4 4. Be3 Qa5+ 5. c3 cxd4 6. Nxd4 Nc6 7. Nd2 Nxd2
8. Qxd2 Nxd4 9. Bxd4 d5 10. Qg5 f6 11. Qh5+ g6 12. Qf3 Bg7 13. h4 e5 14. Be3 h5
15. b4 Qc7 16. Rc1 Qc4 17. Bd2 Bg4 18. Qg3 Qxa2 19. e3 Bf5 20. Bb5+ Kf7 21. Ke2
a6 22. Bd3 Bxd3+ 23. Kxd3 Qc4+ 24. Kc2 a5 25. Rb1 Qe4+ (25... axb4 26. Rxb4 (
26. Qh3 Ra2+ 27. Rb2 b3+) 26... Ra2+ 27. Rb2 Qe4+ 28. Kc1 Ra1+) 26. Kc1 axb4
27. Qf3 Qd3 28. e4 dxe4 29. Qxd3 exd3 30. Rh3 e4 31. Rxb4 Ra1+ 32. Kb2 Rha8 33.
Rxb7+ Kg8 34. c4 f5+ 35. Bc3 R1a2+ 36. Kb1 (36. Kb3 R8a3+ 37. Kb4 Bxc3+ 38. Kc5
) 36... Bxc3 37. Rb8+ Rxb8+ 38. Kxa2 Be1 39. Rg3 Kf7 40. c5 d2 41. c6 d1=Q 0-1

[Event "Club Championships"]
[Site "Wellington Chess Club"]
[Date "2015.11.06"]
[Round "7"]
[White "Wastney, Scott"]
[Black "Nijman, Brian"]
[Result "1-0"]
[WhiteElo "2439"]
[BlackElo "2157"]

1. e4 c5 2. Nf3 Nc6 3. d4 cxd4 4. Nxd4 e5 5. Nb5 d6 6. N1c3 a6 7. Na3 b5 8. Nd5
Nce7 9. c4 Nxd5 10. cxd5 Be7 11. Bd3 Bg5 12. O-O h6 13. Nc2 Nf6 14. a4 Bg4 15.
Qe1 Bxc1 16. Qxc1 O-O 17. axb5 axb5 18. Rxa8 Qxa8 19. Nb4 Qa4 20. Nc6 Bd7 21.
Qe3 Qb3 22. Qe2 b4 23. Ra1 Bxc6 24. dxc6 d5 25. exd5 Qxd5 26. Rc1 Rc8 27. Bb5
Ne8 28. h3 Nc7 29. Bc4 Qd6 30. Qe4 Rd8 31. Qf5 Qf6 32. Qxf6 gxf6 33. Kf1 Kf8
34. Ke2 Ke7 35. Ke3 Rd6 36. Bb3 Rd4 37. g4 Rd6 38. Rc5 Rd4 39. Rc1 Rd6 40. Ke2
Rd4 41. f3 Rd6 42. Rc4 Kd8 43. Rxb4 Rxc6 44. Bxf7 Rc2+ 45. Ke3 Ke7 46. Rc4 Rxc4
47. Bxc4 Ne8 48. Ke4 Nd6+ 49. Kd5 Nf7 50. h4 Nd8 51. b4 Kd7 52. Ke4 Nb7 53. Be2
Nd6+ 54. Kd5 Nc8 55. Bb5+ Ke7 56. Kc5 Ke6 57. Bd3 Nd6 58. Be4 Kd7 59. b5 1-0

[Event "Club Championships"]
[Site "Wellington Chess Club"]
[Date "2015.11.12"]
[Round "8"]
[White "Aldridge, Alan"]
[Black "Barraza, Jesse"]
[Result "1/2-1/2"]
[WhiteElo "1939"]
[BlackElo "1710"]

1. e4 d5 2. exd5 Nf6 3. d4 Nxd5 4. Nf3 Bf5 5. Bc4 e6 6. O-O Be7 7. Nc3 c6 8.
Re1 O-O 9. Nxd5 cxd5 10. Bd3 Bg4 11. h3 Bxf3 12. Qxf3 Bf6 13. c3 Nd7 14. Bf4 g6
15. Re2 Bg7 16. Rd1 Rc8 17. Rc2 Qf6 18. Qg3 h6 19. Bb5 Nb6 20. Bd6 Rfd8 21. Bc7
Rf8 22. Bxb6 axb6 23. Re2 Qd8 24. Bd3 Qc7 25. Qxc7 Rxc7 26. Bb5 Rd8 27. Rde1
Rd6 28. f4 h5 29. Bd3 Bh6 30. g3 Rc8 31. Rf1 f5 32. Kg2 Kf7 33. Kf3 Rg8 34. h4
{Draw agreed} 1/2-1/2

[Event "Club Championships"]
[Site "Wellington Chess Club"]
[Date "2015.11.12"]
[Round "8"]
[White "Coghini, Phillip"]
[Black "Rossiter, Philip"]
[Result "1-0"]
[WhiteElo "1757"]
[BlackElo "1910"]

1. d4 Nf6 2. c4 e6 3. Nf3 Bb4+ 4. Bd2 Qe7 5. a3 Bxd2+ 6. Nbxd2 d6 7. e4 e5 8.
d5 a5 9. b4 O-O 10. Bd3 Bg4 11. h3 Bh5 12. g4 Bg6 13. Nh2 axb4 14. axb4 Rxa1
15. Qxa1 Na6 16. Qa5 Qd7 17. O-O Qc8 18. Ra1 Nb8 19. f3 c6 20. Nhf1 cxd5 21.
cxd5 Qc3 22. Ra3 Qd4+ 23. Kg2 h5 24. Rb3 Nfd7 25. Qc7 Qb6 26. Qxb6 Nxb6 27. Rc3
Rc8 28. Rxc8+ Nxc8 29. Ne3 hxg4 30. hxg4 f6 31. Kf2 Be8 32. Ndc4 Na6 33. Nc2
Kf8 34. Na5 Ba4 35. Nxb7 Bxc2 36. Bxa6 Ke7 37. Na5 Nb6 38. Nc6+ Kd7 39. Ke2 Ba4
40. Na5 Na8 41. Bd3 Nc7 42. Nc4 Nb5 43. Nb6+ 1-0

[Event "Club Championships"]
[Site "Wellington Chess Club"]
[Date "2015.11.12"]
[Round "8"]
[White "Croad, Nicolas"]
[Black "Forster, Bill"]
[Result "1-0"]
[WhiteElo "2420"]
[BlackElo "2088"]

1. d4 d6 2. Nf3 Bg4 3. c4 Bxf3 4. exf3 c6 5. Nc3 g6 6. Be2 Bg7 7. O-O Nf6 8. f4
O-O 9. Be3 Nbd7 10. h4 e5 11. Re1 e4 12. Qb3 Qb6 13. Qa3 d5 14. b4 Rfd8 15. Qb3
Nf8 16. Rac1 a5 17. b5 Ne6 18. Red1 Rd7 19. g3 Qd8 20. bxc6 bxc6 21. Qa4 dxc4
22. Bxc4 Rb8 23. Bxe6 fxe6 24. Qxc6 Rd6 25. Qc4 Rb4 26. Qe2 Rbb6 27. d5 Nxd5
28. Nxd5 exd5 29. Bxb6 Rxb6 30. Qc4 Rd6 31. Rxd5 Rxd5 32. Rd1 1-0

[Event "Club Championships"]
[Site "Wellington Chess Club"]
[Date "2015.11.12"]
[Round "8"]
[White "Farrington, Lawrence"]
[Black "Brockway, Andrew"]
[Result "1/2-1/2"]
[WhiteElo "1829"]
[BlackElo "1773"]

1. e4 c5 2. c3 g6 3. d4 cxd4 4. cxd4 d5 5. exd5 Nf6 6. Bb5+ Bd7 7. Nc3 Bxb5 8.
Nxb5 Qa5+ 9. Nc3 Nxd5 10. Bd2 Qd8 11. Nf3 Nxc3 12. Bxc3 Bg7 13. Ne5 O-O 14. O-O
Nd7 15. Nxd7 Qxd7 16. Qd2 e6 17. Rfd1 Rfd8 18. g3 Rac8 19. Qe3 Qd5 20. Rd2 Rd7
21. a3 Qc6 22. f4 Rd5 23. Qe4 Qd7 24. Rad1 Bf8 25. Rd3 Qa4 26. Qf3 Qd7 1/2-1/2